000 01305nam a2200349 a 4500
001 000114648
003 CHAP
005 20220329144451.0
008 180314s2017 mx a fsm |||||||spa d
010 _a111109
011 _a112081
040 _cCHAP
090 _aTesis
100 1 _aGarcía Vargas, José Manuel
_9134884
245 1 0 _aEvaluación de riego superficial en la Región Lagunera de Durango /
_h[En línea]
_cpor José Manuel García Vargas.
260 _aChapingo, Méx. :
_bEl autor,
_c2017.
500 _aPara ver el contenido del material haga clic en la liga
502 _aTesis (Ing. en Sistemas Agrícolas) -- UACH. Unidad Regional Universitaria de Zonas Áridas
590 _aBATCH-UPD
_b05
_c20180314
_lUCH01
_h1458
590 _aE8697GMM
_b05
_c20180314
_lUCH01
_h1301
590 _aE8697GMM
_b05
_c20180314
_lUCH01
_h1303
590 _aE8697GMM
_b05
_c20180314
_lUCH01
_h1356
590 _aE8697GMM
_b05
_c20180314
_lUCH01
_h1357
590 _aE8697GMM
_b05
_c20180314
_lUCH01
_h1457
650 1 4 _aAgua para irrigación
_zDurango.
_9134883
650 1 4 _aRiego de superficie
_xEvaluación.
_9132385
650 1 4 _aRiego de superficie
_zDurango.
_9134882
856 _aFinding aid
_uhttp://10.13.5.2/tesis/sist114648.pdf
_zTeclea aquí
901 _aBK
942 _cTESIS
942 _n0
999 _c111109
_d111109